|
|
|
|
| LEADER |
00000nam0a2200000 4500 |
| 001 |
151290 |
| 005 |
20231101221541.0 |
| 010 |
|
|
|a 9785991600248
|
| 035 |
|
|
|a (RuTPU)RU\TPU\book\164031
|
| 090 |
|
|
|a 151290
|
| 100 |
|
|
|a 20090121d2008 km y0rusy50 ca
|
| 101 |
0 |
|
|a rus
|
| 102 |
|
|
|a RU
|
| 105 |
|
|
|a y n 000zy
|
| 200 |
1 |
|
|a Комментарий к Бюджетному кодексу Российской Федерации
|f Российская правовая академия ; под ред. Ю. А. Крохиной
|
| 210 |
|
|
|a Москва
|c Юрайт
|d 2008
|
| 215 |
|
|
|a 980 с.
|
| 333 |
|
|
|a Исключено из фонда НТБ ТПУ
|
| 702 |
|
1 |
|a Крохина
|b Ю. А.
|g Юлия Александровна
|4 340
|
| 712 |
0 |
2 |
|a Российская правовая академия
|9 23813
|
| 801 |
|
1 |
|a RU
|b 63413507
|c 20090121
|g PSBO
|
| 801 |
|
2 |
|a RU
|b 63413507
|c 20220615
|g PSBO
|
| 942 |
|
|
|c BK
|
| 959 |
|
|
|a 9/20090119
|d 1
|e 499,00
|f ЧЗСБО:1
|